000 00459nam a2200169Ia 4500
999 _c1283
_d1283
003 OSt
005 20200922121456.0
008 190216s9999||||xx |||||||||||||| ||und||
040 _coclc
082 _a581
_bGAN/G
100 _aGanguly, Amar K
_94631
245 0 _aGeneral Botany /
_cAmar K Ganguly
260 _bThe New Book Stall,
_c1975.
_aKolkata:
300 _a617p
650 _aBotany
942 _cBK
_2ddc
_h581
_iGAN/G
_k581
_mGAN/G